| 000 | 00627nam 22002053 4500 | ||
|---|---|---|---|
| 001 | 201149 | ||
| 010 | _a972-8115-51-2 | ||
| 021 | _b158843/00 | ||
| 090 | _a201149 | ||
| 100 | _a20260311d u||y0pory50 ba | ||
| 200 |
_aO caminho da montanha _fFernando Guerreiro |
||
| 210 |
_aBraga _cAngelus Novus _d2000 |
||
| 215 |
_a144,[2] p. _cbrochado _d19 cm |
||
| 225 | _asérie Negra | ||
| 606 |
_93661 _aCrítica Literária.Estudos Literários |
||
| 675 |
_a82.09 _vPT _zpor |
||
| 700 |
_aGuerreiro _bFernando _cdocente de literatura francesa na FL Lisboa _f1950- _916778 |
||
| 801 |
_aPT _bBMMN _gRPC |
||
| 830 |
_cFernando _fFernando |
||
| 990 | _cLIVROS | ||